Detalles MARC
| 000 -LEADER |
| fixed length control field |
01643nam a2200421 i 4500 |
| 001 - CONTROL NUMBER |
| control field |
DIGEDLECT0003 |
| 003 - CONTROL NUMBER IDENTIFIER |
| control field |
NyNyDIG |
| 007 - PHYSICAL DESCRIPTION FIXED FIELD--GENERAL INFORMATION |
| fixed length control field |
cr ||||||||||| |
| 008 - FIXED-LENGTH DATA ELEMENTS--GENERAL INFORMATION |
| fixed length control field |
230828s2009 mx ob 000 0bspa d |
| 006 - FIXED-LENGTH DATA ELEMENTS--ADDITIONAL MATERIAL CHARACTERISTICS |
| fixed length control field |
m o d |
| 035 ## - SYSTEM CONTROL NUMBER |
| System control number |
(OCoLC)1395569792 |
| 040 ## - CATALOGING SOURCE |
| Original cataloging agency |
DGITA |
| Language of cataloging |
eng |
| Description conventions |
rda |
| -- |
pn |
| Transcribing agency |
DGITA |
| 020 ## - INTERNATIONAL STANDARD BOOK NUMBER |
| Canceled/invalid ISBN |
9786074570298 |
| 043 ## - GEOGRAPHIC AREA CODE |
| Geographic area code |
e-fr--- |
| 050 14 - LIBRARY OF CONGRESS CALL NUMBER |
| Classification number |
DC204 ebook |
| 100 1# - MAIN ENTRY--PERSONAL NAME |
| Personal name |
Zicolillo, Jorge, |
| Relator term |
author. |
| 245 10 - TITLE STATEMENT |
| Title |
Napoleón y María Walewska : |
| Remainder of title |
la fiel amante del emperador / |
| Statement of responsibility, etc. |
Jorge Zicolillo. |
| 264 #1 - PRODUCTION, PUBLICATION, DISTRIBUTION, MANUFACTURE, AND COPYRIGHT NOTICE |
| Place of production, publication, distribution, manufacture |
México : |
| Name of producer, publisher, distributor, manufacturer |
L.D. Books, |
| Date of production, publication, distribution, manufacture, or copyright notice |
[2009] |
| 300 ## - PHYSICAL DESCRIPTION |
| Extent |
1 online resource. |
| 336 ## - CONTENT TYPE |
| Content type term |
text |
| Content type code |
txt |
| Source |
rdacontent |
| 337 ## - MEDIA TYPE |
| Media type term |
computer |
| Media type code |
c |
| Source |
rdamedia |
| 338 ## - CARRIER TYPE |
| Carrier type term |
online resource |
| Carrier type code |
cr |
| Source |
rdacarrier |
| 347 ## - DIGITAL FILE CHARACTERISTICS |
| File type |
text file |
| Source |
rdaft |
| 347 ## - DIGITAL FILE CHARACTERISTICS |
| Encoding format |
PDF |
| 490 1# - SERIES STATEMENT |
| Series statement |
Colección Grandes amores de la historia |
| 504 ## - BIBLIOGRAPHY, ETC. NOTE |
| Bibliography, etc. note |
Includes bibliographical references. |
| 588 0# - SOURCE OF DESCRIPTION NOTE |
| Source of description note |
Online resource; title from PDF title page (Digitalia, viewed August 28, 2023) |
| 600 00 - SUBJECT ADDED ENTRY--PERSONAL NAME |
| Personal name |
Napoleon |
| Numeration |
I, |
| Titles and other words associated with a name |
Emperor of the French, |
| Dates associated with a name |
1769-1821 |
| General subdivision |
Relations with women. |
| 600 10 - SUBJECT ADDED ENTRY--PERSONAL NAME |
| Personal name |
Walewska, Maria Łączyńska, |
| Dates associated with a name |
1789-1817. |
| 651 #0 - SUBJECT ADDED ENTRY--GEOGRAPHIC NAME |
| Geographic name |
France |
| General subdivision |
Kings and rulers |
| -- |
Paramours |
| Form subdivision |
Biography. |
| 791 2# - |
| -- |
Digitalia (Firm), |
| -- |
distributor. |
| 793 0# - |
| -- |
Digitalia eBook Collection: |
| -- |
Editorial Lectorum |
| 776 08 - ADDITIONAL PHYSICAL FORM ENTRY |
| Relationship information |
Print version: |
| Main entry heading |
Zicolillo, Jorge. |
| Title |
Napoleón y María Walewska. |
| Edition |
Primera edición. |
| Place, publisher, and date of publication |
México : L.D. Books, [2009] |
| International Standard Book Number |
9786074570298 |
| 830 #0 - SERIES ADDED ENTRY--UNIFORM TITLE |
| Uniform title |
Colección Grandes amores de la historia. |
| 856 40 - ELECTRONIC LOCATION AND ACCESS |
| Materials specified |
Digitalia Hispánica |
| Uniform Resource Identifier |
<a href="https://www.digitaliapublishing.com/a/85088/">https://www.digitaliapublishing.com/a/85088/</a> |
| 910 ## - USER-OPTION DATA (OCLC) |
| User-option data |
Premium collection: 2023 |
| 942 ## - ADDED ENTRY ELEMENTS (KOHA) |
| Koha item type |
Recurso Electrónico |